Los precios agrícolas durante la segunda mitad del siglo XIX / (Record no. 66526)

MARC details
000 -LEADER
campo de control de longitud fija 00949nam a2200253 i 4500
001 - NÚMERO DE CONTROL
campo de control 66526
003 - IDENTIFICADOR DE NÚMERO DE CONTROL
campo de control ES-MaACL
005 - FECHA Y HORA DE LA ÚLTIMA TRANSACCIÓN
campo de control 20260201140949.0
007 - CAMPO FIJO DE DESCRIPCIÓN FÍSICA--INFORMACIÓN GENERAL
campo de control de longitud fija t|
008 - DATOS DE LONGITUD FIJA--INFORMACIÓN GENERAL
campo de control de longitud fija 040227s2002 sp ||||1| spa d
020 ## - NÚMERO INTERNACIONAL ESTÁNDAR DEL LIBRO
Número Internacional Estándar del Libro 84-500-6793-6
080 ## - NÚMERO DE LA CLASIFICACIÓN DECIMAL UNIVERSAL
Número de la Clasificación Decimal Universal 338.5:63(460)"18"
245 04 - MENCIÓN DEL TÍTULO
Título Los precios agrícolas durante la segunda mitad del siglo XIX /
Mención de responsabilidad, etc. recopilación, análisis y estudio preliminar por Nicolás Sánchez-Albornoz.
260 ## - PUBLICACIÓN, DISTRIBUCIÓN, ETC.
Lugar de publicación, distribución, etc. Madrid :
Nombre del editor, distribuidor, etc. Servicio de Estudios del Banco de España,
Fecha de publicación, distribución, etc. 1975-
300 ## - DESCRIPCIÓN FÍSICA
Extensión v. :
Otras características físicas gráf., gráf. pleg., mapas ;
Dimensiones 24 cm.
500 ## - NOTA GENERAL
Nota general "Materiales para la historia económica de España"
505 8# - NOTA DE CONTENIDO CON FORMATO
Nota de contenido con formato Vol. I. Trigo y cebada
650 14 - PUNTO DE ACCESO ADICIONAL DE MATERIA--TÉRMINO DE MATERIA
Término de materia o nombre geográfico como elemento de entrada Precios-
Subdivisión geográfica España-
Subdivisión cronológica S.XIX.
9 (RLIN) 16339
650 14 - PUNTO DE ACCESO ADICIONAL DE MATERIA--TÉRMINO DE MATERIA
Término de materia o nombre geográfico como elemento de entrada Agricultura-
Subdivisión geográfica España-
Subdivisión cronológica S.XIX
9 (RLIN) 9682
700 1# - ENTRADA AGREGADA--NOMBRE PERSONAL
Nombre de persona Sánchez-Albornoz, Nicolás,
Fechas asociadas al nombre 1926-
9 (RLIN) 102442
710 2# - ENTRADA AGREGADA--NOMBRE DE ENTIDAD CORPORATIVA
Nombre de entidad corporativa o nombre de jurisdicción como elemento de entrada Banco de España
9 (RLIN) 2104
852 ## - LOCALIZACIÓN
Ubicación ES-MaACL
Número de control de estantería L-26999
Sublocalización o colección R.132602
Holdings
Estatus retirado Estado de pérdida Estado de daño No para préstamo Biblioteca de origen Biblioteca actual Ubicación en estantería Fecha de adquisición Fuente de adquisición Total de préstamos Signatura topográfica completa Código de barras Visto por última vez Precio de reemplazo Tipo de ítem Koha
        Biblioteca del Ateneo de Madrid Biblioteca del Ateneo de Madrid Depósito 2 17/01/2008     L-26999 1069688 23/02/2023 23/02/2023 Libro impreso